O čudnom experimente aristokracie (Dotyky a spojenia v DSNP.)

Bibliographic Details
Main Author: Vrbka, Stanislav, 1934-1991 (Author)
Format: Article
Language:Slovak
Subjects:

MARC

LEADER 00000nab a2200000 a 4500
001 vtls000329424
003 SK-MaSNL
005 20260303194442.0
008 040806c1988 xo 0 slo
015 |a SNBRB19rr/mm-uuuuu 
035 |a CL0329546 
040 |a SNKBUCL  |b slo  |c SNKBUCL  |e AACR2 
041 0 |a slo 
044 |a xo  |c SK 
080 |a 792.2  |2 1981 
100 1 |a Vrbka, Stanislav,  |d 1934-1991  |4 aut  |9 37562 
245 1 0 |a O čudnom experimente aristokracie  |b (Dotyky a spojenia v DSNP.)  |c Stanislav Vrbka 
500 |a Réžia Roman Polák 
600 1 7 |a Marivaux, Pierre Carlet de Chamblain de,  |d 1688-1763  |t Dotyky a spojenia (Spor)  |2 snkbucl  |9 169771 
610 2 7 |a Divadlo Slovenského národného povstania  |2 snkbucl  |9 232430 
650 0 7 |a činohry  |2 snkbucl  |9 3325 
650 0 7 |a divadelné inscenácie  |2 snkbucl  |9 3326 
655 7 |a recenzie  |2 snkbucl  |9 21907 
655 7 |a články z novín a časopisov  |2 snkbucl  |9 267496 
773 0 |t Smer  |g Roč. 40, č. 187 (10. 8. 1988), s. 4 
850 |a Slovenská národná knižnica v Martine  |a MTA001 
852 |a SNK  |b KIS3GCP 
999 |c 2157580  |d 2159510